She calls me daddy : seven things every man needs to know about building a complete daughter (Record no. 34709)

MARC details
000 -LEADER
fixed length control field 00577nam a2200181Ia 4500
020 ## - INTERNATIONAL STANDARD BOOK NUMBER
ISBN 1561794619
050 ## - CALL MARK
Classification number HQ 756 .W65/
100 ## - STATEMENT OF RESPONSIBILITY--MAIN AUTHOR NAME
Personal name Wolgemuth, Robert D.
245 #0 - TITLE STATEMENT
Title She calls me daddy : seven things every man needs to know about building a complete daughter
260 ## - PUBLICATION, DISTRIBUTION, ETC. (IMPRINT)
Place of publication Texas
260 ## - PUBLICATION, DISTRIBUTION, ETC. (IMPRINT)
Name of publisher Focus on the Family Pub.
260 ## - PUBLICATION, DISTRIBUTION, ETC. (IMPRINT)
Year of publication 1996
300 ## - PHYSICAL DESCRIPTION
Number of Pages 219 p
650 ## - SUBJECT ADDED ENTRY--TOPICAL TERM
Topical Term Fathers and daughters. Parenting. Fatherhood --Religious aspects --Christianity. Conduct of life
942 ## - ADDED ENTRY ELEMENTS (KOHA)
Koha item type Books
Holdings
Withdrawn status Lost status Source of classification or shelving scheme Damaged status Not for loan Permanent Location Current Location Date acquired Accession Number Price effective from Koha item type
    Library of Congress Classification     NILE UNIVERSITY OF NIGERIA - MAIN LIBRARY NILE UNIVERSITY OF NIGERIA - MAIN LIBRARY 04/23/2025 0010399 04/23/2025 Books